000
00261nam a2200109Ia 4500
008
190911s9999||||xx |||||||||||||| ||und||
100
_a
Captain Nazeer-uddin-Khan
245
0
_a
Kirdar Ki Deemak
260
_a
Karachi
_b
Royal Book
_c
2007
300
_a
92
942
_c
BK
999
_c
7033
_d
7033